| 000 | 004660000a22001810004500 | ||
|---|---|---|---|
| 003 | MACL | ||
| 005 | 20160122113714.0 | ||
| 008 | 160122b xxu||||| |||| 00| 0 eng d | ||
| 040 |
_aMACL _cMACL |
||
| 041 | _aEnglish | ||
| 082 | _a351/BOO | ||
| 100 |
_aSawlashwa, Dr B K _933439 |
||
| 245 | _aUGC NET/SLET Public Administration | ||
| 260 |
_bCosmos Bookhive LTD _aNew Delhi |
||
| 350 | _a240 | ||
| 650 |
_aPublic Administration _933978 |
||
| 942 |
_cBK _k351/SAW _2ddc |
||
| 999 |
_c33138 _d33138 |
||